Kaplnka
Saved in:
| Main Author: | |
|---|---|
| Other Authors: | |
| Format: | Manuscript Book |
| Language: | Slovak |
| Published: |
2018
|
| Subjects: | |
| Online Access: | http://is.stuba.sk/zp/portal_zp.pl?podrobnosti=121883 https://opac.crzp.sk/?fn=detailBiblioForm&sid=5405D7E2C43D9DAFB898C0CA0676 |
| Tags: |
No Tags, Be the first to tag this record!
|
MARC
| LEADER | 00000ntm a22000003a 4500 | ||
|---|---|---|---|
| 001 | stuzp68223 | ||
| 003 | SK-STU | ||
| 005 | 20230621113442.1 | ||
| 007 | ta | ||
| 008 | 150427s2015----xo-----f-mn---000-0-slo-d | ||
| 040 | |a STU |b slo | ||
| 041 | 0 | |a slo | |
| 100 | 1 | |a Húdoková, Dominika |u 010310 |4 aut |U SvF Stavebná fakulta |T SvF Katedra architektúry |X 77687 |U V181|V310 |Y 19 |7 77687 | |
| 242 | 0 | 1 | |a Chapel |y eng |
| 245 | 1 | 0 | |a Kaplnka |
| 260 | |c 2018 | ||
| 650 | 4 | |a vojaci |2 slo | |
| 650 | 4 | |a spomienka |2 slo | |
| 650 | 4 | |a príroda |2 slo | |
| 650 | 4 | |a drevo |2 slo | |
| 650 | 4 | |a kaplnka |2 slo | |
| 650 | 4 | |a vojna |2 slo | |
| 650 | 4 | |a svetlo |2 slo | |
| 650 | 4 | |a pokoj |2 slo | |
| 650 | 4 | |a chapel |2 eng | |
| 650 | 4 | |a soldier |2 eng | |
| 650 | 4 | |a memorial |2 eng | |
| 650 | 4 | |a nature |2 eng | |
| 650 | 4 | |a wood |2 eng | |
| 650 | 4 | |a war |2 eng | |
| 650 | 4 | |a light |2 eng | |
| 650 | 4 | |a peace |2 eng | |
| 700 | 1 | |a Šimkovičová, Vladimíra |u 010310 |k Z1 |4 ths |U SvF Stavebná fakulta |T SvF Katedra architektúry |X 649 |U V181|V310 |Y 19 |7 A000000649 | |
| 856 | 4 | |u http://is.stuba.sk/zp/portal_zp.pl?podrobnosti=121883 | |
| 856 | 4 | |u https://opac.crzp.sk/?fn=detailBiblioForm&sid=5405D7E2C43D9DAFB898C0CA0676 | |